000 01509nam a22003737a 4500
003 BPGM
008 260630b mx ||||| |||| 00| 0 spa d
020 _a978-607-7906-17-9 (OBRA COMPLETA)
020 _a978-607-7906-22-3
040 _bSPA
041 _aSPA
_hSPA
084 _aCQ / 709.7245
_bC37
100 _aPRIETO HERNÁNDEZ DIEGO
_eCOORDINADOR
110 _aGOBIERNO DEL ESTADO DE QUERÉTARO
245 _aCATÁLOGO CIEN AÑOS DE ARTE EN QUERÉTARO
_bARTES POPULARES
260 _aQUERÉTARO
_bINSTITUTO QUERETANO DE LA CULTURA Y LAS ARTES
_c2012
300 _a119 PÁGINAS
_b28 CM X 21.5 CM
336 _2rdacontent
_atexto
_btxt
337 _2rdamedia
_asin mediación
_bn
338 _2rdacarrier
_avolumen
_bnc
490 0 _aCATÁLOGO
_vV.3
505 _a DOCUMENTA LA HERENCIA ARTESANAL DEL ESTADO. LA OBRA DESTACA TÉCNICAS TRADICIONALES COMO ALFARERÍA, TALLA EN MADERA, TEXTILES Y PIROTECNIA, RECONOCIENDO A LOS ARTESANOS COMO PORTADORES DE UNA TRADICIÓN PLURICULTURAL.
650 _2LAS ARTES BELLAS ARTES Y ARTES DECORATIVAS
650 _2TRATAMIENTO HISTÓRICO, GEOGRÁFICO, DE PERSONAS
700 _aVILLARRUEL VÁZQUEZ MANUEL
_eFOTOGRAFO
700 _aBACA SUQUET ELENA
_eFOTOGRAFA
700 _aALCOCER GONZALO
_eFOTOGRAFO
700 _aAGUIRRE IMELDA
_eFOTOGRAFA
700 _aVALENCIA RAMIRO
_eFOTOGRAFO
700 _aMURILLO EUNICE
_eFOTOGRAFA
700 _aMALDONADO LUNA, MARÍA CRISTINA
_eFOTOGRAFA
700 _aVEGA ADAME, SAMUEL
_eFOTOGRAFO
942 _2ddc
_cCOLQ
999 _c68713
_d68713